000
00295nam a2200121Ia 4500
008
191201s2004 xx 000 0 und d
100
_a
MISHRA, Rajiv K
245
0
_a
Personality Development
260
_a
N.Delhi
_b
Rupa and Co
_c
2004
300
_a
274
650
_a
General Books
942
_2
ddc
_c
BK
999
_c
3364
_d
3364